000 00911nam a22002297a 4500
999 _c17633
_d17633
003 AR-CdUCM
008 190509b ||||| |||| 00| 0 spa d
040 _aMUNICIPALIDAD PROVINCIAL DEL CUSCO
_cBIBLIOTECA MUNICIPAL DEL CUSCO
082 _a268 /
_bL93
100 _aLudovico María,hermano
_937765
245 _aEducación moral y religiosa para el primer año de educación secundaria /
260 _aLima :
_bBruño,
300 _a77 paginas ;
_bIlustraciones,
_c25 cm.
505 _aContenido : El hombre criatura de Dios -- Dios creador en el relato de la biblia -- Las criaturas inteligentes se apartan de Dios -- El pueblo elegido de Dios -- El redentor esperado...
650 _aDios
_91427
650 _aVida religios
_937766
650 _aEl redentor
_937767
650 _aPalabra de Dios
_94532
650 _aCaída de los ángeles
_937768
942 _2ddc
_cLIBROS
945 _awnts
_d2019-05-09